Proyecto taller pro hábitat sustentable: acciones colectivas para la gestión y producción de la vivienda social
Presenta un informe de las actividades y proyectos realizados durante las prácticas profesionales como parte del equipo del programa de estudios integrales que tiene como función brindar asistencia técnica a extramuros con el acompañamiento de estudiantes para que estos adquieran conocimientos e...
| Main Authors: | , |
|---|---|
| Other Authors: | |
| Format: | Tesis Section = Libro |
| Language: | Undetermined Spanish |
| Published: |
Managua
UNI
2020
|
| Subjects: |
| LEADER | 01189nam a2200265Ia 4500 | ||
|---|---|---|---|
| 008 | 240830s9999 xx 000 0 und d | ||
| 040 | |a BIBLIOTECA-RUSB/ Mon 728.1 P339 | ||
| 041 | |a spa | ||
| 082 | |a Mon 728.1 P339 | ||
| 100 | 1 | |a Pavón López, Francela Margarita | |
| 100 | 1 | |b Guevara Ortíz, José Luis | |
| 245 | 1 | 0 | |a Proyecto taller pro hábitat sustentable: acciones colectivas para la gestión y producción de la vivienda social |
| 260 | |a Managua |b UNI |c 2020 | ||
| 300 | |a 178 p. :il. | ||
| 500 | |a Contiene: anexos y CD. | ||
| 502 | |a Tesis (Arquitecto) - UNI, 2020. | ||
| 520 | 3 | |a Presenta un informe de las actividades y proyectos realizados durante las prácticas profesionales como parte del equipo del programa de estudios integrales que tiene como función brindar asistencia técnica a extramuros con el acompañamiento de estudiantes para que estos adquieran conocimientos en el campo profesional. | |
| 650 | 7 | |a HABITAT SUSTENTABLE | |
| 650 | 7 | |b DISEÑO Y CONSTRUCCION | |
| 650 | 7 | |c PLANEACION URBANA | |
| 650 | 7 | |d ARQUITECTURA- VIVIENDA SOCIAL | |
| 700 | 1 | |a Tutor: |b Galán Gaitán, Marcela Carolina | |
| 942 | |c BK |2 ddc | ||
| 991 | |a TESIS | ||
| 999 | |c 21468 | ||